Szegedi dzsessznapok - kilencedszer
Elmentve itt :
| Dokumentumtípus: | Cikk |
|---|---|
| Megjelent: |
1980-11-16
|
| Sorozat: | Délmagyarország
70 No. 269 |
| Kulcsszavak: | dzsessz |
| Online Access: | http://dmarchiv.bibl.u-szeged.hu/121875 |
| LEADER | 00400nab a2200145 i 4500 | ||
|---|---|---|---|
| 001 | delm121875 | ||
| 005 | 20190530134808.0 | ||
| 008 | 190530s1980 hu o 0|| hun d | ||
| 040 | |a SZTE Délmagyarország Archívum |b hun | ||
| 041 | |a hun | ||
| 245 | 0 | 0 | |a Szegedi dzsessznapok - kilencedszer |h [elektronikus dokumentum] |
| 260 | |c 1980-11-16 | ||
| 300 | |a 12 | ||
| 490 | 0 | |a Délmagyarország |v 70 No. 269 | |
| 695 | |a dzsessz | ||